000 01215nam a22002897a 4500
999 _c65805
_d65805
005 20240530110844.0
008 201004s2020 ua ah g b 000 0 ara d
017 _a2019/19941
_bمصر. دار الكتب
020 _a9789779950341
040 _aEG-CaGPL
_cEG-CaGPL
082 0 4 _221
_a332.17/
_bأ ت
100 0 _aايمن محمد سيد مصطفى الاسيوطى
245 1 2 _aالتاصيل القانونى للشمول المالى فى ضوء التحول الرقمى :
_bدراسة مقارنة /
_cايمن محمد سيد مصطفى الاسيوطى
250 _aط.1
260 _aالقاهرة :
_bالمكتبة المصرية للنشر و التوزيع ،
_c2020.
300 _a336 ص. :
_bايض ؛
_c24 سم.
504 _aيشتمل على ارجاعات ببليوجرافية
650 0 7 _2qrmak
_aالتنمية الاقتصادية
650 0 7 _2qrmak
_aالتكامل الاقتصادى
650 0 7 _2qrmak
_aالاستثمار
650 0 7 _2qrmak
_aالتخطيط الاقتصاد
650 0 7 _2qrmak
_aالكفاية الانتاجية
651 _2qrmak
653 0 _aالشمول المالى
942 _2ddc
_cBK